000 00960nam a2200277Ia 4500
003 OSt
005 20220923211602.0
006 a|||||r|||| 00| 0
007 ta
008 220922b |||||||| |||| 00| 0 san d
020 _a9789387195639 (pbk)
_c6000
024 _a351,735
037 _b262, 12/12/2019, Vidyanidhi Prakashan
_cTextual
040 _aARTS
_cARTS
_bsan
041 _2san
_asan
082 _aQ14, 152R0.1-.4
100 _aकम्बोज, जियालाल, संपा.
245 0 _aअर्थववेद
246 _aArthavaveda
260 _aदिल्ली
_b शिवालिक प्रकाशन
_c2020
490 _vप्रथम खण्ड
650 _a अर्थववेद
650 _aधर्म
942 _hQ14, 152R0.1-.4
_cTEXL
_2CC
999 _c301055
_d301055